书目信息 |
| 题名: |
心
|
|
| 作者: | 稻盛和夫 著 | |
| 分册: | ||
| 出版信息: | 北京 人民邮电出版社 2020.05 |
|
| 页数: | 143页 | |
| 开本: | 20cm | |
| 丛书名: | ||
| 单 册: | ||
| 中图分类: | F279.313.3 | |
| 科图分类: | ||
| 主题词: | 企业经济 | |
| 电子资源: | ||
| ISBN: | 7-115-53619-8 | |
| 000 | 00643nam0 2200205 450 | |
| 001 | 2663330171 | |
| 005 | 20260407173906.84 | |
| 010 | @a7-115-53619-8@dCNY59.00 | |
| 100 | @a20260407d2020 km y0chiy0120 ea | |
| 101 | 0 | @achi |
| 102 | @aCN@b110000 | |
| 200 | 1 | @a心@AXin@e稻盛和夫的一生嘱托@f稻盛和夫著@FDao Sheng He Fu Zhu |
| 210 | @a北京@c人民邮电出版社@d2020.05 | |
| 215 | @a143页@d20cm | |
| 517 | 1 | @a稻盛和夫的一生嘱托@ADao Sheng He Fu De Yi Sheng Zhu Tuo |
| 606 | 0 | @a企业经济 |
| 690 | @aF279.313.3@v4 | |
| 701 | 0 | @a稻盛和夫@ADao Sheng He Fu@4著 |
| 801 | 0 | @aCN@b大连网信软件有限公司图书馆·11@c20260407 |
| 905 | @aZUCC@dF279.313.3@e2368 | |
| 心:稻盛和夫的一生嘱托/稻盛和夫著.-北京:人民邮电出版社,2020.05 |
| 143页;20cm |
| ISBN 7-115-53619-8:CNY59.00 |
| ● |
| 相关链接 |
|
|
|
|
正题名:心
索取号:F279.313.3/2368
 
预约/预借
| 序号 | 登录号 | 条形码 | 馆藏地/架位号 | 状态 | 备注 |
| 1 | 1442541 | 214425415 | 第一样本阅览室/ [索取号:F279.313.3/2368] | 在馆 |